[Event "22nd Alekhine FIDE 2018"]
[Site "Voronezh"]
[Date "2018.06.18"]
[Round "7"]
[White "Bruyatskaya, Mariya"]
[Black "Beldyugin, Alexey"]
[Result "0-1"]
[WhiteElo "2026"]
[BlackElo "2113"]
[Annotator "TA"]
[PlyCount "61"]
[EventDate "2018.??.??"]
[EventType "swiss"]
[EventCountry "RUS"]
[SourceTitle "playchess.com"]
[Source "ChessBase"]
[SourceQuality "1"]

{[%evp 18,61,32,-9,9,2,9,2,9,10,10,10,10,0,0,0,-4,0,0,0,0,0,8,0,0,0,0,-1,79,36,14,11,137,112,93,3,190,79,86,79,79,79,160,135,200,168]} 1. e4 e6 2. d4 d5 3. Nc3 Bb4 4. e5 Ne7 5. a3 Bxc3+ 6. bxc3 b6 7. Qg4 Ng6 8. h4 h5 9. Qg3 Ba6 10. Ne2 {LiveBook: 32 Games} c5 $146 {C16: French: 3 Nc3 Bb4 4 e5: Lines without ...c5} ({Predecessor:} 10... Kf8 11. a4 Kg8 12. Rh3 Nc6 13. Bg5 Qd7 14. Qf3 Rf8 15. Ng3 Ncxe5 16. dxe5 Nxe5 17. Qd1 Bxf1 18. Kxf1 {½-½ (51) Esserman,M (2453)-Gorovets,A (2522) Cambridge 2017}) 11. Nf4 Nxf4 12. Bxf4 Kf8 {The position is equal.} 13. Bxa6 Nxa6 14. Qd3 Qc8 15. Bd2 Nb8 16. c4 dxc4 17. Qxc4 Qa6 18. Qc3 {[#] Hoping for Qf3.} Nd7 19. Rh3 Qa4 20. dxc5 Nxc5 21. Be3 Rc8 22. Rd1 Qb5 (22... Kg8 $11) 23. Rf3 (23. Qb4 $5 {[%cal Rb4b5]} Qc6 24. Bxc5+ bxc5 25. Qf4 $14) 23... Kg8 24. Qb4 Qxb4+ (24... Qc6 $11 {remains equal.}) 25. axb4 $16 Na6 26. b5 (26. Rd7 $16 Rc7 27. Rfxf7 Rxd7 28. Rxd7 Nxb4 29. Rxa7) 26... Nc5 $2 {[#]} (26... Nb4 $11 {and Black is okay.}) 27. Ra1 (27. Rd6 $1 $18 {and White stays clearly on top.}) 27... Rc7 28. Bxc5 Rxc5 29. Rxa7 Rxe5+ (29... Rh6 $142) 30. Kd2 f6 (30... Rh6 $16) 31. Rg3 {[%mdl 32768] Precision: White = 44%, Black = 34%. . Loss on Time!?} 0-1

[Event "22nd Alekhine FIDE 2018"]
[Site "Voronezh"]
[Date "2018.06.18"]
[Round "7"]
[White "Tikhonov, Viacheslav"]
[Black "Provkin, Vladimir"]
[Result "0-1"]
[WhiteElo "1993"]
[BlackElo "2182"]
[Annotator "TA"]
[PlyCount "86"]
[EventDate "2018.??.??"]
[EventType "swiss"]
[EventCountry "RUS"]
[SourceTitle "playchess.com"]
[Source "ChessBase"]
[SourceQuality "1"]

{[%evp 10,86,0,-14,47,48,37,42,47,43,121,52,44,47,47,47,78,64,74,67,62,-127,-133,-126,-126,-214,-214,-214,-214,-214,-205,-208,-205,-210,-210,-221,-221,-225,-227,-271,-258,-333,-331,-401,-399,-400,-395,-395,-395,-383,-354,-400,-299,-482,-454,-451,-444,-426,-430,-503,-498,-529,-527,-599,-599,-583,-566,-641,-622,-737,-737,-730,-730,-737,-735,-722,-722,-6303,-5670]} 1. e4 c5 2. Nc3 d6 3. d4 cxd4 4. Qxd4 a6 (4... Nc6 5. Qd2 g6 6. b3 Bg7 7. Bb2 Nf6 8. O-O-O O-O 9. Kb1 Qa5 10. Nge2 e5 11. f3 {½-½ (41) Nakamura,H (2769)-Vachier Lagrave,M (2789) Stavanger 2018}) 5. b3 Nc6 6. Qd2 {LiveBook: 3 Games. B23: Closed Sicilian: Lines without g3} g6 (6... b5 $11) 7. Bb2 $14 Bh6 $146 ({Predecessor:} 7... Bg7 8. O-O-O Nf6 9. f3 O-O 10. g4 b5 11. Nge2 {½-½ (31) Amonatov,F (2608)-Karthik,V (2457) Bhubaneswar 2018}) 8. f4 {White is slightly better.} Nf6 {[%cal Bg8f6,Bf6d5,Bd5e3][%mdl 32]} 9. O-O-O Qa5 ({Black should try} 9... O-O $14) 10. Kb1 (10. Nd5 $16 {Strongly threatening Qxa5.} Qxd2+ 11. Rxd2) 10... O-O 11. g3 Bg4 12. Be2 Rac8 13. Nd5 Nxd5 $1 14. Qxa5 ({Not} 14. Bxg4 $2 Ncb4 $19) 14... Nxa5 15. Bxg4 $2 {[#]} (15. exd5 $14 {keeps the upper hand.} Bf5 16. Bd3) 15... Ne3 $1 $17 {[%csl LRc2,LRd1,LRg4]} 16. Bxc8 Nxd1 17. Bh3 (17. Bd4 $17 {is a better defense.}) 17... Nf2 $19 18. Bg2 Nxh1 19. Bxh1 Bg7 20. Bc1 Nc6 21. Nf3 Nd4 22. Nxd4 Bxd4 {[%mdl 4096] Endgame KRB-KB} 23. c4 h5 24. Kc2 b5 25. Kd3 Bg1 26. h3 bxc4+ 27. bxc4 Rb8 28. e5 dxe5 29. fxe5 Bc5 30. e6 f5 31. Bf4 $2 {[#]} (31. Bc6) 31... Rb2 {Black is clearly winning.} 32. a4 Rb3+ 33. Ke2 Rb4 34. a5 Rxc4 35. Bb7 Ra4 36. Bxa6 Rxa5 37. Bc4 Ra3 38. h4 Kf8 39. Bb5 Bd6 40. Bh6+ Kg8 41. Be8 Kh7 42. Bg5 Rxg3 43. Bf7 Rxg5 {Precision: White = 32%, Black = 78%.} 0-1

[Event "22nd Alekhine FIDE 2018"]
[Site "Voronezh"]
[Date "2018.06.18"]
[Round "7"]
[White "Artemov, Nikita"]
[Black "Kulpin, Dmitriy"]
[Result "1/2-1/2"]
[WhiteElo "1970"]
[BlackElo "1954"]
[Annotator "NA RC"]
[PlyCount "79"]
[EventDate "2018.??.??"]
[EventType "swiss"]
[EventCountry "RUS"]
[SourceTitle "playchess.com"]
[Source "ChessBase"]
[SourceQuality "1"]
[TimeControl "5400+30"]

1. e4 {[%emt 0:01:21]} c5 {[%emt 0:00:05]} 2. Nf3 {[%emt 0:00:07]} e6 {[%emt 0:00:04]} 3. d4 {[%emt 0:00:05]} cxd4 {[%emt 0:00:03]} 4. Nxd4 {[%emt 0:00:05]} Nc6 {[%emt 0:00:16]} 5. Nc3 {[%emt 0:00:38]} Qc7 {[%emt 0:00:08]} 6. Be2 {[%emt 0:00:40]} a6 {[%emt 0:00:16]} 7. O-O {[%emt 0:00:26]} Nf6 {[%emt 0:00:10]} 8. Kh1 {[%emt 0:01:32]} Be7 {[%emt 0:02:22]} 9. Be3 {[%emt 0:00:49]} d6 {[%emt 0:00:58]} 10. f4 {[%emt 0:00:11]} O-O {[%emt 0:03:09]} 11. Qe1 {[%emt 0:00:27]} b5 {[%emt 0:03:00]} 12. a3 {[%emt 0:00:16]} Bb7 {[%emt 0:00:22] LiveBook: 5 Games} 13. Bd3 {[%emt 0:01:19]} Ng4 {[%emt 0:05:47] B48: Sicilian: Taimanov: 5 Nc3 Qc7 6 Be3 a6 without Be2} (13... Rfe8 14. Qg3 Nd7 15. Qh3 Nf8 16. Rf2 Nxd4 17. Bxd4 e5 18. Be3 exf4 19. Bxf4 Bf6 20. Raf1 Bxc3 21. bxc3 {0-1 (36) Khrapko,M (2050)-Teterev,V (2487) Minsk 2017}) 14. Bg1 {[%emt 0:01:03]} Nxd4 {[%emt 0:04:36]} 15. Bxd4 {[%emt 0:00:11]} e5 $146 {[%emt 0:01:00]} ({Predecessor:} 15... Bf6 16. Bg1 Bxc3 17. bxc3 Qc6 18. Qg3 Nh6 19. f5 exf5 20. exf5 f6 21. Bd4 {1-0 (31) Braggaar,L (1837)-Harezlak,M (1641) Venlo 2007}) 16. Bg1 {[%emt 0:03:42]} exf4 {[%emt 0:01:23]} 17. Rxf4 {[%emt 0:01:08]} Ne5 {[%emt 0:00:21]} 18. Bd4 {[%emt 0:02:03]} Bg5 {[%emt 0:03:07]} 19. Rf5 {[%emt 0:03:22]} f6 {[%emt 0:00:39]} 20. Qg3 {[%emt 0:16:30]} g6 {[%emt 0:06:02]} 21. Rf2 {[%emt 0:01:49]} Qe7 $11 {[%emt 0:02:26]} 22. h4 {[%emt 0:08:01]} Bh6 {[%emt 0:00:20]} 23. Raf1 {[%emt 0:03:31]} Kg7 {[%emt 0:03:17]} 24. Nd1 {[%emt 0:06:57]} Bc8 {[%emt 0:01:42]} 25. Be3 {[%emt 0:04:48]} Be6 {[%emt 0:04:16]} 26. Bxh6+ {[%emt 0:01:51]} Kxh6 {[%emt 0:00:04]} 27. Ne3 {[%emt 0:01:00]} Rf7 {[%emt 0:01:57]} 28. Be2 {[%emt 0:07:24]} Raf8 {[%emt 0:01:31]} 29. Bg4 {[%emt 0:03:45]} Nxg4 {[%emt 0:01:06]} 30. Nxg4+ {[%emt 0:03:16]} Bxg4 {[%emt 0:00:14]} 31. Qxg4 {[%emt 0:00:13]} f5 {[%emt 0:05:56]} 32. exf5 {[%emt 0:02:38]} Rxf5 {[%emt 0:00:10]} 33. Rxf5 {[%emt 0:00:38]} Rxf5 {[%emt 0:00:05]} 34. Rxf5 {[%emt 0:00:35]} gxf5 {[%emt 0:00:04]} 35. Qf4+ {[%emt 0:06:32]} Kg6 {[%emt 0:01:29]} 36. h5+ {[%emt 0:00:27]} Kxh5 {[%emt 0:00:45]} 37. Qxf5+ {[%emt 0:00:17]} Kh4 {[%emt 0:01:41]} 38. Qf4+ {[%emt 0:00:32]} Kh5 {[%emt 0:00:10]} 39. Qf5+ {[%emt 0:00:32]} Kh4 {[%emt 0:00:07]} 40. Qf4+ {[%emt 0:00:04]} 1/2-1/2

[Event "22nd Alekhine FIDE 2018"]
[Site "Voronezh"]
[Date "2018.06.18"]
[Round "7"]
[White "Kazmin, Semen"]
[Black "Novikov, Sergey D"]
[Result "1-0"]
[WhiteElo "1970"]
[BlackElo "2180"]
[Annotator "TA"]
[PlyCount "95"]
[EventDate "2018.??.??"]
[EventType "swiss"]
[EventCountry "RUS"]
[SourceTitle "playchess.com"]
[Source "ChessBase"]
[SourceQuality "1"]

{[%evp 31,95,33,25,0,0,0,0,-418,0,0,0,0,0,-74,-68,-69,-77,-75,-43,-41,0,0,0,0,0,0,0,0,0,0,0,0,0,0,0,0,0,0,29970,29973,29973,29974,29973,29975,29975,29976,29976,29977,29977,29976,29976,29979,29979,29980,29979,29980,29979,29981,29984,29985,29985,29986,29986,29987,29987,29986]} 1. e4 c5 2. Nf3 d6 3. d4 cxd4 4. Nxd4 Nf6 5. Nc3 g6 6. Be3 Bg7 7. f3 O-O 8. Qd2 Nc6 9. g4 Be6 10. Nxe6 fxe6 11. O-O-O Ne5 12. Be2 Qc8 {B76: Sizilianisch (Moderne Drachen-Variante)} 13. h4 {[%cal Bh2h4,Bh4h5][%mdl 32]} Nfd7 14. f4 Nc4 15. Bxc4 Qxc4 16. e5 Rad8 {LiveBook: 24 Partien} 17. h5 {Schwarz muss nun Dh2 beachten.} (17. exd6 {is interesting.} exd6 18. h5 Bxc3 19. Qxc3 Qxc3 20. bxc3 Nf6 21. hxg6 hxg6 22. Bd4) 17... dxe5 18. hxg6 exf4 {[#]} 19. Rxh7 $146 {[%mdl 8192]} (19. gxh7+ $11 {und Weiss steht sicher.} Kh8 20. Bf2 (20. Bxa7 b6 $11)) ({Vorgänger:} 19. Qh2 h6 20. Rd4 {0-1 (56) Guliyev,N (2552)-Sochacki,C (2427) Paris 2015}) 19... Nf6 $2 (19... fxe3 $19 20. Qxe3 Qxg4) 20. Qxd8 $11 Nxh7 21. gxh7+ Kxh7 22. Qxe7 (22. Qd2 $11 fxe3 23. Qxe3) 22... fxe3 $17 23. Qh4+ $1 ({Falsch wäre} 23. Qxb7 $2 e2 $19) 23... Kg8 {Und weiter mit ...e2 wäre nett.} 24. Qe1 Bxc3 ({Viel schlechter ist} 24... Qxg4 25. Qxe3 Qf4 26. Qxf4 $11) (24... Qc5 {with more complications.} 25. a4 Rf2 26. Rd8+ Kf7 27. Rd7+ Kg6) 25. Qxc3 {[%mdl 4096] Endspiel KDT-KDT} Qe4 {Und ...e2 würde nun gewinnen.} (25... Qxc3 {is more complex.} 26. bxc3 b6 27. c4 Rf4 28. Re1 Re4) 26. Qd3 Qxd3 27. cxd3 $11 {KT-KT} Kg7 28. Re1 Rf3 29. d4 Kf6 30. Kc2 Kg5 31. Kd3 Kxg4 32. Rxe3 Kf4 33. Rxf3+ Kxf3 {K3B-K3B} 34. b4 b5 $2 {[%mdl 8192] [#]} (34... Kf4 $11) 35. d5 $1 {[%mdl 512] Weiß setzt Matt.} e5 (35... exd5 36. a3) 36. d6 e4+ 37. Kd2 $1 Kf2 38. d7 e3+ 39. Kd3 e2 40. d8=Q e1=Q 41. Qh4+ $1 Kf1 42. Qxe1+ Kxe1 {KBB-KBB} 43. Kd4 $1 {[%cal Rd4c5]} Kd2 {[#]} 44. Kc5 $1 {[%cal Rc5b5]} Kc3 45. Kxb5 Kb2 {[#]} 46. a4 $1 {[%cal Ba2a4,Ba4a5,Ba5a6][%mdl 32]} Kb3 47. a5 Ka3 48. a6 {Precision: Weiß = 81%, Schwarz = 63%.} 1-0

[Event "22nd Alekhine FIDE 2018"]
[Site "Voronezh"]
[Date "2018.06.18"]
[Round "7"]
[White "Pingin, Artem"]
[Black "Kolomensky, Vladimir"]
[Result "1/2-1/2"]
[WhiteElo "1967"]
[BlackElo "2120"]
[Annotator "TA"]
[PlyCount "114"]
[EventDate "2018.??.??"]
[EventType "swiss"]
[EventCountry "RUS"]
[SourceTitle "playchess.com"]
[Source "ChessBase"]
[SourceQuality "1"]

{[%evp 15,114,12,12,0,13,-11,-4,-14,-10,-10,0,-20,-18,-29,0,0,0,8,0,-4,0,-9,-10,-9,-27,-33,-34,-71,-15,-15,-31,-22,-28,-26,-29,-33,-25,-2,0,0,-13,-8,0,0,0,-9,0,0,0,0,0,0,0,0,0,0,0,0,0,-29,0,0,0,0,0,-17,0,0,0,0,0,0,0,0,0,0,0,0,0,0,0,0,0,0,0,3,6,0,0,0,6,8,68,0,0,0,0,0,0,0,0]} 1. e4 c5 2. Nf3 e6 3. d4 cxd4 4. Nxd4 a6 5. Bd3 g6 6. O-O Bg7 7. Nb3 Nc6 8. a4 {B42: Sizilianisch (Paulsen-Variante)} Nge7 {LiveBook: 3 Partien} 9. c3 d5 10. Qe2 O-O 11. N1d2 b6 12. Nf3 Qc7 13. Be3 Bb7 14. Nfd2 h6 15. f3 Rfd8 16. Qf2 Nc8 17. exd5 Ne5 18. Bc2 {[#] Schwarz muss nun dxe6 beachten.} Bxd5 19. Rfd1 Rb8 20. h3 Nd6 21. Bd4 Ndc4 (21... Nf5 $17) 22. f4 Nxd2 23. Nxd2 Nd7 24. Bxg7 Kxg7 25. Nf1 Bc6 26. Ne3 Nf6 27. Ng4 Nxg4 28. hxg4 Rxd1+ 29. Rxd1 Rd8 30. Rd4 Rd7 31. Rxd7 Bxd7 32. Qd4+ Kg8 33. Kf2 a5 34. Bd1 Bc6 35. Be2 g5 36. fxg5 hxg5 37. b3 Bd5 38. c4 Bb7 39. Bf3 Bxf3 40. Kxf3 $11 {[%mdl 4096] Endspiel KD-KD} Qc5 41. Qd8+ Kg7 42. g3 Qc6+ 43. Kf2 f6 44. Qe7+ Kg6 45. Qd8 Qc5+ 46. Kg2 f5 47. Qg8+ Kf6 48. Qh8+ Kg6 49. Qh5+ Kf6 50. Qh6+ Kf7 $1 51. Qh7+ Kf6 52. Qh6+ Kf7 $1 53. Qxg5 Qc6+ (53... Qe5 $11) 54. Kh2 (54. Kf2 $1 $14) 54... Qf3 $1 {Die Stellung ist ausgeglichen.} 55. gxf5 Qf2+ 56. Kh3 Qf1+ $1 57. Kh2 {[#] Und weiter mit Dg6+ wäre nett.} Qf2+ {Precision: Weiß = 55%, Schwarz = 67%.} 1/2-1/2

[Event "22nd Alekhine FIDE 2018"]
[Site "Voronezh"]
[Date "2018.06.18"]
[Round "7"]
[White "Kuzmin, Roman"]
[Black "Lukovnikov, Alexander"]
[Result "1/2-1/2"]
[WhiteElo "1963"]
[BlackElo "2153"]
[Annotator "TA"]
[PlyCount "79"]
[EventDate "2018.??.??"]
[EventType "swiss"]
[EventCountry "RUS"]
[SourceTitle "playchess.com"]
[Source "ChessBase"]
[SourceQuality "1"]

{[%evp 17,79,38,39,39,68,27,29,31,67,62,70,35,106,0,0,0,0,0,0,0,0,0,4,4,7,8,33,29,30,23,27,1,45,23,42,23,25,18,30,30,30,26,33,41,37,28,28,28,38,40,45,10,10,10,12,0,0,0,0,0,0,0,0,0]} 1. e4 e5 2. Nf3 Nc6 3. Bb5 f5 4. Nc3 fxe4 5. Nxe4 d5 6. Nxe5 dxe4 7. Nxc6 Qg5 8. Nd4+ c6 9. Bf1 {C63: Ruy Lopez: Schliemann/Jaenisch Defence} Qe5 {LiveBook: 3 Games} (9... Qg6 10. d3 Bg4 11. f3 exf3 12. gxf3 Bd7 13. Qe2+ Be7 14. Bd2 Qf7 15. Qe5 Nf6 16. O-O-O O-O {½-½ (25) Faber,H (2502)-Leisebein,P (2452) Remote email 2014}) 10. c3 Nf6 11. d3 {White is slightly better.} exd3+ $146 ({Predecessor:} 11... c5 12. Ne2 Bd7 13. Bf4 Qf5 14. dxe4 Qxe4 15. Qd2 O-O-O 16. O-O-O Be7 17. Ng3 Qa4 18. Bd3 Bg4 19. Nf5 Rhe8 20. Nxe7+ Rxe7 21. Bf5+ Red7 22. Qd6 {1-0 (22) Steenbekkers,F (2223)-Van Dooren,D (2290) Roosendaal 2011}) 12. Be3 Bg4 13. Qxd3 O-O-O 14. Be2 c5 {[#]} ({Black should try} 14... Bc5 $14) 15. Bxg4+ (15. Qc4 $1 $16) 15... Nxg4 $11 16. Qf5+ Qxf5 17. Nxf5 g6 18. Ng3 Re8 19. Kd2 Nxe3 20. fxe3 Bh6 21. Rhe1 Rhf8 22. Re2 Rf6 23. Rae1 Rfe6 24. Nf1 Kc7 25. Kd3 Kc6 26. Nd2 b5 27. e4 c4+ 28. Kc2 Bxd2 29. Kxd2 {[%mdl 4096] Endgame KRR-KRR} Kc5 30. Re3 a5 31. a3 Re5 32. R1e2 b4 33. axb4+ axb4 34. cxb4+ Kxb4 {The position is equal.} 35. Kc2 R8e7 36. b3 cxb3+ 37. Rxb3+ Kc4 38. Rc3+ Kd4 39. Rd3+ Kc4 40. Rc3+ {Precision: White = 54%, Black = 71%.} 1/2-1/2

[Event "22nd Alekhine FIDE 2018"]
[Site "Voronezh"]
[Date "2018.06.18"]
[Round "7"]
[White "Nakonechny, Ignat"]
[Black "Yakimenko, Alexander A"]
[Result "1/2-1/2"]
[WhiteElo "1890"]
[BlackElo "2094"]
[Annotator "NA RC"]
[PlyCount "102"]
[EventDate "2018.??.??"]
[EventType "swiss"]
[EventCountry "RUS"]
[SourceTitle "playchess.com"]
[Source "ChessBase"]
[SourceQuality "1"]
[TimeControl "5400+30"]

1. e4 {[%emt 0:00:00]} e6 {[%emt 0:00:13]} 2. d4 {[%emt 0:00:00]} d5 {[%emt 0:00:05]} 3. Nd2 {[%emt 0:00:00]} Nc6 {[%emt 0:00:05]} 4. Ngf3 {[%emt 0:00:00]} Nf6 {[%emt 0:00:08]} 5. e5 {[%emt 0:00:06]} Nd7 {[%emt 0:00:02]} 6. c3 {[%emt 0:00:07]} f6 {[%emt 0:01:33]} 7. exf6 {[%emt 0:00:30]} Qxf6 {[%emt 0:00:11]} 8. Bd3 {[%emt 0:00:40]} e5 {[%emt 0:04:21] C04: French Tarrasch: 3...Nc6} 9. O-O {[%emt 0:08:21]} Bd6 {[%emt 0:09:44] LiveBook: 3 Games} ({Black should play} 9... Be7 $14) 10. Qb3 {[%emt 0:03:45]} (10. Qc2 e4 11. Bxe4 dxe4 12. Nxe4 Qg6 13. Nxd6+ Qxd6 14. Re1+ Kf8 15. b4 Qg6 16. Qxg6 hxg6 {1-0 (27) Cukrowski,F (2372)-Stupak,K (2562) Bialystok 2016}) 10... Nb6 $146 {[%emt 0:07:52]} ({Predecessor:} 10... Ne7 11. Re1 h6 12. c4 exd4 13. cxd5 Nc5 14. Ne4 Nxe4 15. Rxe4 O-O 16. Rxd4 {0-1 (70) Liang,H (2131)-Stoleriu,G (2315) Montevideo 2017}) 11. dxe5 {[%emt 0:02:36]} Nxe5 {[%emt 0:15:12]} 12. Nxe5 {[%emt 0:01:35]} Bxe5 {[%emt 0:02:12]} 13. Nf3 {[%emt 0:04:18]} O-O {[%emt 0:01:58]} 14. Bg5 {[%emt 0:38:11]} Qd6 {[%emt 0:00:48]} 15. Rfe1 {[%emt 0:05:52]} Rxf3 {[%emt 0:06:38]} 16. gxf3 {[%emt 0:00:11]} Bh3 {[%emt 0:00:22]} 17. Qb4 {[%emt 0:01:55]} Bxh2+ {[%emt 0:03:20]} 18. Kh1 {[%emt 0:00:23]} Qxb4 {[%emt 0:01:17]} 19. cxb4 {[%emt 0:00:10]} Bd6 {[%emt 0:00:20]} 20. a3 {[%emt 0:03:07]} Kf7 {[%emt 0:04:39]} 21. Bh4 {[%emt 0:02:19]} c6 {[%emt 0:06:47]} 22. Re2 {[%emt 0:00:16]} g6 {[%emt 0:07:11]} 23. Rae1 {[%emt 0:00:09]} Nc4 {[%emt 0:00:33]} 24. Bg3 {[%emt 0:16:00]} Bf8 {[%emt 0:01:05]} 25. Bxc4 {[%emt 0:02:58]} dxc4 {[%emt 0:00:09]} 26. Re4 {[%emt 0:00:29]} Bf5 {[%emt 0:03:12]} 27. Rxc4 {[%emt 0:00:07]} Rd8 {[%emt 0:02:50]} 28. b5 {[%emt 0:02:07]} cxb5 {[%emt 0:07:25]} 29. Rc7+ {[%emt 0:00:05]} Rd7 {[%emt 0:00:12]} 30. Rec1 {[%emt 0:01:29]} a5 {[%emt 0:00:43]} 31. Rxd7+ {[%emt 0:00:12]} Bxd7 {[%emt 0:00:02]} 32. Rc7 {[%emt 0:00:08]} Ke6 {[%emt 0:01:11]} 33. Rxb7 {[%emt 0:00:05]} a4 {[%emt 0:03:54]} 34. Kg2 {[%emt 0:03:15]} Bg7 {[%emt 0:00:38]} 35. Rb6+ {[%emt 0:01:12]} Ke7 {[%emt 0:03:48]} 36. Bh4+ {[%emt 0:00:29]} Kf7 {[%emt 0:01:35]} 37. Rd6 {[%emt 0:00:12]} Be6 {[%emt 0:00:13]} 38. Rd2 {[%emt 0:00:09]} Bh6 {[%emt 0:01:49]} 39. Rc2 {[%emt 0:00:56]} Bc4 {[%emt 0:00:19]} 40. Bd8 {[%emt 0:01:03]} Bf4 {[%emt 0:00:24]} 41. Ba5 {[%emt 0:00:17]} Ke6 $16 {[%emt 0:00:31]} 42. Bb6 {[%emt 0:02:58]} Be5 {[%emt 0:02:45]} 43. Rd2 {[%emt 0:01:06]} Kf5 {[%emt 0:00:22]} 44. Bd4 {[%emt 0:00:30]} Bf4 {[%emt 0:00:05]} 45. Rd1 {[%emt 0:00:31]} h5 {[%emt 0:00:19]} 46. Re1 {[%emt 0:00:25]} g5 {[%emt 0:01:34]} 47. Re8 {[%emt 0:00:27]} Bd5 {[%emt 0:01:28]} 48. Rf8+ {[%emt 0:00:18]} Ke6 {[%emt 0:00:23]} 49. Rf6+ {[%emt 0:00:34]} Ke7 {[%emt 0:00:15] [#]} 50. Rb6 $1 {[%emt 0:00:20]} g4 {[%emt 0:00:43]} 51. Rxb5 {[%emt 0:00:32]} Bxf3+ {[%emt 0:00:37]} 1/2-1/2

[Event "22nd Alekhine FIDE 2018"]
[Site "Voronezh"]
[Date "2018.06.19"]
[Round "8"]
[White "Provkin, Vladimir"]
[Black "Artemov, Nikita"]
[Result "1-0"]
[WhiteElo "2182"]
[BlackElo "1970"]
[Annotator "TA"]
[PlyCount "65"]
[EventDate "2018.??.??"]
[EventType "swiss"]
[EventCountry "RUS"]
[SourceTitle "playchess.com"]
[Source "ChessBase"]
[SourceQuality "1"]

{[%evp 11,65,0,0,0,0,0,20,0,75,58,98,78,115,117,120,118,110,113,113,113,116,116,125,115,114,100,110,90,106,97,185,183,189,232,224,147,259,245,244,255,294,188,252,252,250,199,317,250,339,222,360,362,470,447,456,456]} 1. d4 Nf6 2. Bg5 Ne4 3. Bf4 c5 4. f3 Qa5+ 5. Nd2 Nxd2 6. Bxd2 Qb6 {LiveBook: 4 Games. A45: Trompowsky Attack} 7. d5 Qxb2 8. e4 e6 {The position is equal.} 9. Ne2 {[%cal Bg1e2,Be2c3,Bc3b5][%mdl 32]} c4 $146 (9... Qf6 $11) ({Predecessor:} 9... Qb6 10. Bc3 d6 11. dxe6 fxe6 12. Nf4 Qc7 13. Bc4 d5 14. Bb5+ {1-0 (46) Arabidze,M (2390)-Khomeriki,N (2315) Tbilisi 2016}) 10. Rb1 {[%mdl 1024] White has strong compensation.} Qa3 11. Nc3 Bb4 {[#]} 12. Nb5 $1 Qe3+ 13. Be2 Bxd2+ 14. Qxd2 Qxd2+ 15. Kxd2 {Hoping for Nc7+.} Na6 16. Bxc4 Ke7 17. d6+ Kf6 18. f4 g6 19. e5+ Kg7 20. Be2 $36 {[%mdl 2048] White is on the roll.} Nc5 {[#]} (20... b6 $16) 21. Bf3 $1 $18 Rb8 22. Nxa7 Ra8 23. Nb5 Rxa2 (23... Ra4 $16 {is a better defense.}) 24. Nc3 Ra6 25. Rb5 Na4 26. Rhb1 (26. Bxb7 Nxc3 27. Kxc3 Ra3+ 28. Kd2 Bxb7 $16) 26... b6 (26... Nxc3 $142 27. Kxc3 f6 28. Bxb7 Ra7) 27. Nxa4 Rxa4 28. R5b4 ({Not} 28. Rxb6 Rxf4 29. Ra1 f6 $16) 28... Ra2 (28... Ra5 {keeps fighting.} 29. Rxb6 f6) 29. Rxb6 f6 30. Rb8 Ra5 (30... fxe5 $142 31. fxe5 Rf8) 31. R1b5 Ra4 32. exf6+ Kxf6 33. Rc5 {Precision: White = 80%, Black = 42%.} 1-0

[Event "22nd Alekhine FIDE 2018"]
[Site "Voronezh"]
[Date "2018.06.19"]
[Round "8"]
[White "Lukovnikov, Alexander"]
[Black "Lepaev, Andrey"]
[Result "1-0"]
[WhiteElo "2153"]
[BlackElo "1992"]
[Annotator "TA"]
[PlyCount "79"]
[EventDate "2018.??.??"]
[EventType "swiss"]
[EventCountry "RUS"]
[SourceTitle "playchess.com"]
[Source "ChessBase"]
[SourceQuality "1"]

{[%evp 18,79,51,-33,91,102,86,115,131,131,110,87,86,64,137,132,123,125,127,120,116,93,134,107,99,102,155,144,177,185,164,168,200,210,252,251,244,248,262,243,284,279,266,256,312,346,411,395,509,498,728,723,754,650,1092,1075,29991,29992,29992,29993,29994,29995,29995,29996]} 1. e4 d6 2. d4 Nf6 3. Nc3 g6 4. f4 Bg7 5. Nf3 {[%cal Bg1f3,Bf3g5,Bg5h7][%mdl 32]} c5 6. Bb5+ Bd7 7. e5 Ng4 8. e6 fxe6 9. Ng5 Bxb5 10. Qxg4 {LiveBook: 6 Partien} ({Günstiger ist} 10. Nxe6 $14 Bxd4 11. Nxb5 (11. Nxd8 Bf2+ 12. Kd2 Be3+ 13. Ke1 Bf2+ 14. Kd2 Be3+ 15. Ke1 Bf2+ 16. Kd2 $11) 11... Qa5+ 12. Qd2 Qxd2+ 13. Bxd2) 10... Bd7 {[#] B09: Pirc-Ufimzew-Verteidigung (Dreibauernangriff)} (10... Bc4 $15) (10... Bc4 11. b3 Bxd4 12. Bd2 Bd5 13. Nxd5 exd5 14. O-O-O Nc6 15. Qe6 Qc8 16. Qf7+ Kd7 17. Qxd5 Qg8 18. Qxg8 Rhxg8 19. Nxh7 {½-½ (42) Nunn,J (2620)-Seirawan,Y (2585) Skelleftea 1989 CBM 014 [Bulletin]}) 11. Nxh7 $1 $16 {[%cal Rg4g6][%mdl 512]} Kf7 (11... Rxh7 12. Qxg6+) 12. Ng5+ Kg8 {Weiß steht besser.} 13. Nxe6 Qe8 $146 ({Vorgänger:} 13... cxd4 14. Qxg6 Bxe6 15. Qxe6+ Kf8 16. Qf5+ Bf6 17. Ne4 Nd7 18. Ng5 Nc5 19. Qg6 a6 20. Qf7# {1-0 (20) Lokander,M (2225)-Nielsen,B (2022) Copenhagen 2013}) 14. d5 {[%cal Bd4d5,Bd5e6][%mdl 32]} Qf7 15. Qe2 {[#] Sc7 ist eine echte Drohung.} Bxe6 (15... Nc6 $14) 16. dxe6 ({Ein No Go ist} 16. Qxe6 $6 Na6 $11) 16... Bxc3+ 17. bxc3 Qf6 18. O-O Nc6 19. Bd2 Rf8 20. Rae1 Qf5 21. Bc1 Qf6 (21... Qh5 $142) 22. Rf3 Qf5 23. h3 Rh4 24. g4 Qf6 25. Ref1 Qh8 26. Kg2 Rh7 27. Bd2 Rg7 28. Be1 Qh6 29. Bg3 Kh8 30. Qe4 Rgg8 31. Rb1 Nd8 32. c4 Qg7 33. Be1 Kh7 (33... Qh6 $142 34. Bc3+ Rg7 35. Bxg7+ Kxg7) 34. Bc3 $18 Qh6 35. Rbf1 Qh4 36. f5 {Beabsichtigt fxg6+ und Matt.} gxf5 37. Rxf5 {Weiß setzt Matt.} Rxf5 38. Rxf5 {[%csl Gg4][%cal Rf5h5]} Rg6 39. Rf8 {[%csl Gc3][%cal Rf8h8]} Nf7 40. exf7 {Precision: Weiß = 88%, Schwarz = 33%.} 1-0